| 000 | 00357nam a22001217a 4500 | ||
|---|---|---|---|
| 082 | _aP-772 | ||
| 100 |
_aCapt Shoaib Zafar _951425 |
||
| 245 |
_aUse of Tin Nano Particles In Order To Enhance Properties of Concrete _bSyn # 13 |
||
| 260 |
_aRisalpur, _bMCE, _c2018. |
||
| 526 |
_a0 _b0 _c0 _dP_772 |
||
| 700 |
_a/ Maj Dr Naeem Shahzad _951426 |
||
| 942 |
_2ddc _cBK |
||
| 999 |
_c554111 _d554111 |
||